000
00243nam a2200097Ia 4500
001
1147484
005
20250827010311.0
008
250824s9999 xx 000 0 und d
245
0
_a
AYIKULAK
_c
SEVİL İNAN SÖNMEZ
260
_b
AKVARYUM YAYINEVİ
999
_c
1147484
_d
1147484